| 000 | 00669nam a2200205Ia 4500 | ||
|---|---|---|---|
| 003 | IN-BaIIA | ||
| 008 | 211028s9999 xx 000 0 eng d | ||
| 040 | _cIIA Library | ||
| 080 |
_a523.98 _bJAV |
||
| 245 | 4 |
_aThe Solar cycle _cedited by J. Javaraiah, J. P. Rozelot and Luca Bertello |
|
| 260 |
_aNew York _bHindawi Publishing _c2012 |
||
| 300 | _a[various pagings.] | ||
| 500 | _aSpecial issue on the solar cycle published in Advances in Astronomy, Vol. 2012 | ||
| 650 |
_aAstrophysics _9794 |
||
| 650 | _aSolar physics | ||
| 700 |
_aBertello, Luca., eds. _935905 |
||
| 700 |
_aJavaraiah, J., ed. _926695 |
||
| 700 |
_aRozelot, J. P., ed. _924646 |
||
| 942 | _cBK | ||
| 999 |
_c18765 _d18765 |
||